Statistics for Marvel Questions #6

Click here to take the quiz!

General Stats

  • This quiz has been taken 16 times
  • The average score is 18 of 29

Answer Stats

Questions:Answer:% Correct
What Australian actor plays Thor?Chris Hemsworth
100%
Loki?Tom Hiddleston
100%
Who was sacrificed on Vormir and was Peter Quill's Love interest?Gamora
93%
Who is T'Challa's Sister?Shuri
93%
What is Groot?Tree
86%
Who Resurrected Groot?Rocket
86%
What Traditional board game does Charles Xavier and Magneto play?Chess
86%
Who can control weather?Storm
79%
What was the name of Tony Stark's former A.I?JARVIS
79%
Who is capable to shoot lasers out of his eyes if not using proper protection?Cyclops
79%
Who is a shape shifter capable to turn into any person and adapt that persons voice and traits?Mystique
79%
What does Magneto Wear to help block out all forms of telepathy?Helmet
79%
Who is the Sidekick of Doctor Strange?Wong
71%
What is Deadpools name?Wade Wilson
71%
According to Tony Stark how many years did he say that Thanos was inside his head for?6
71%
Who is the leader of the Jabari Mountain tribe?M'Baku
64%
What mode of transportation did Charles Xavier Use?Wheel Chair
64%
What does Hulk Fly away from Sakovia in?Quinjet
57%
What was Thor's Code Name in the Avengers data base? Point break
50%
Who was the son of prince N'Jobu?Killmonger
50%
Where was Magneto Kept after he killed the president?Pentagon
50%
Current A.I?FRIDAY
50%
Who Drew power from the dark dimension and was bald?The Ancient One
43%
What brought surtur back to life as well as the army of the undead?The Eternal Flame
43%
Who is The father of odin?Bor
29%
What is Doctor Doom's Real name?Vincent Von Doom
29%
Who killed Wolverine?X-24
29%
What is the name of the teenager that lives with deadpool?Negasonic Teenage Warhead
21%
What profession is Eddie Brock?News Reporter
14%

Score Distribution

Percentile by Number Answered

Percent of People with Each Score

Your Score History

You have not taken this quiz